Statystyki dla Norwescy skoczkowie w sezonie 2019-2020

Kliknij tutaj aby rozwiązać quiz!

Ogólne statystyki

  • Ten quiz został rozwiązany 147 razy
  • Średni wynik to 5 z 14

Statystyki odpowiedzi

Lp.Odpowiedź% Poprawnych
1.Daniel-André Tande
97%
2.Marius Lindvik
85%
3.Robert Johansson
82%
4.Johann André Forfang
79%
9.Halvor Egner Granerud
46%
7.Robin Pedersen
37%
5.Thomas Aasen Markeng
34%
6.Anders Håre
21%
10.Andreas Granerud Buskum
17%
8.Sondre Ringen
11%
12.Fredrik Villumstad
8%
13.Oscar P. Westerheim
7%
11.Joacim Ødegård Bjøreng
5%
14.Mats Bjerke Myhren
2%

Rozkład punktacji

Percentyl według liczby udzielonych odpowiedzi

Procent ludzi z każdym wynikiem

Twoja historia wyników

Nie rozwiązałeś tego quizu